Dharma aru samaj/ (Record no. 11382)

MARC details
000 -LEADER
fixed length control field 00597nam a22002177a 4500
005 - DATE AND TIME OF LATEST TRANSACTION
control field 20220920122842.0
008 - FIXED-LENGTH DATA ELEMENTS--GENERAL INFORMATION
fixed length control field 220920b ||||| |||| 00| 0 eng d
020 ## - INTERNATIONAL STANDARD BOOK NUMBER
International Standard Book Number 9789391527310
040 ## - CATALOGING SOURCE
Original cataloging agency IN-DiNC
Transcribing agency IN-DiNC
041 ## - LANGUAGE CODE
Language code of sung or spoken text Assamese
082 ## - DEWEY DECIMAL CLASSIFICATION NUMBER
Classification number 306.6
Item number BOR
100 ## - MAIN ENTRY--PERSONAL NAME
Personal name Bora, Rajen
Relator term Author
245 ## - TITLE STATEMENT
Title Dharma aru samaj/
Statement of responsibility, etc. by Rajen Borah, Akhil Borah and Pankaj Boruah
250 ## - EDITION STATEMENT
Edition statement 2nd rev. ed.
260 ## - PUBLICATION, DISTRIBUTION, ETC.
Place of publication, distribution, etc. Jorhat:
Name of publisher, distributor, etc. Bidya bhawan,
Date of publication, distribution, etc. 2022
300 ## - PHYSICAL DESCRIPTION
Extent 160p.
650 ## - SUBJECT ADDED ENTRY--TOPICAL TERM
Topical term or geographic name entry element Religion and society
700 ## - ADDED ENTRY--PERSONAL NAME
Personal name Borah, Akhil
Relator term Author
700 ## - ADDED ENTRY--PERSONAL NAME
Personal name Boruah, Pankaj
Relator term Author
942 ## - ADDED ENTRY ELEMENTS (KOHA)
Source of classification or shelving scheme Dewey Decimal Classification
Koha item type Books
Holdings
Withdrawn status Lost status Source of classification or shelving scheme Damaged status Not for loan Collection code Home library Current library Shelving location Date acquired Cost, normal purchase price Total Checkouts Full call number Barcode Date last seen Date last checked out Copy number Price effective from Koha item type
    Dewey Decimal Classification     Sociology Central Library, Naharkatiya College Central Library, Naharkatiya College General Stacks 20/09/2022 220.00 14 306.6 BOR 29022 14/11/2023 30/10/2023 1 20/09/2022 Books
    Dewey Decimal Classification     Sociology Central Library, Naharkatiya College Central Library, Naharkatiya College General Stacks 20/09/2022 220.00 8 306.6 BOR 29023 14/11/2023 11/10/2023 2 20/09/2022 Books
    Dewey Decimal Classification     Sociology Central Library, Naharkatiya College Central Library, Naharkatiya College General Stacks 20/09/2022 220.00   306.6 BOR 29024 20/09/2022   3 20/09/2022 Books

Naharkatiya College © 2020. All rights reserved.

Powered By